Digitálny model výrobného procesu

Gespeichert in:
Bibliographische Detailangaben
1. Verfasser: Jurina, Tomáš (Verfasst von)
Weitere Verfasser: Haffner, Oto (Betreuung Doktorarbeit)
Format: Manuskript Buch
Sprache:Slowakisch
Veröffentlicht: 2025
Schlagworte:
Online-Zugang:http://is.stuba.sk/zp/portal_zp.pl?podrobnosti=184915
Tags: Tag hinzufügen
Keine Tags, Fügen Sie das erste Tag hinzu!

MARC

LEADER 00000ntm a22000003a 4500
001 stuzp103908
003 SK-STU
005 20250614212339.9
007 ta
008 150427s2015----xo-----f-mn---000-0-slo-d
040 |a STU  |b slo 
041 0 |a slo 
100 1 |a Jurina, Tomáš  |u 030400  |4 aut  |U FEI Fakulta elektrotechniky a informatiky  |T FEI Ústav automobilovej mechatroniky  |X 104247  |U E400  |Y 642  |7 104247 
242 0 1 |a Digital model of the production process  |y eng 
245 1 0 |a Digitálny model výrobného procesu 
260 |c 2025 
650 4 |a Plant Simulation  |2 eng 
650 4 |a optimization  |2 eng 
650 4 |a manufacturing process  |2 eng 
650 4 |a GAWizard  |2 eng 
650 4 |a výrobný proces  |2 slo 
650 4 |a GAWizard  |2 slo 
650 4 |a Plant Simulation  |2 slo 
650 4 |a optimalizácia  |2 slo 
700 1 |a Haffner, Oto  |u 030400  |k Z1  |4 ths  |U FEI Fakulta elektrotechniky a informatiky  |T FEI Ústav automobilovej mechatroniky  |X 56107  |U E400  |Y 642  |7 A000056107 
856 4 |u http://is.stuba.sk/zp/portal_zp.pl?podrobnosti=184915